[Event "Ì13Ï"]
[Site "Loo"]
[Date "2017.04.24"]
[Round "5.51"]
[White "Ôðîëîâ, Àðòåì."]
[Black "Êàëèíèí, Ìàòâåé."]
[Result "1/2-1/2"]
[WhiteElo "1446"]
[BlackElo "1345"]
[PlyCount "91"]
[EventDate "2017.04.20"]

1. e4 b6 2. d4 Bb7 3. Nc3 g6 4. Be3 Bg7 5. h4 h6 6. h5 g5 7. f4 gxf4 8. Bxf4 e6
9. Nf3 d6 10. Qd2 Nd7 11. O-O-O a6 12. Re1 Ne7 13. g4 e5 14. Be3 Nf6 15. Bxh6
Bxh6 16. g5 Bxg5 17. Qxg5 Nc6 18. dxe5 Nxe5 19. Nxe5 dxe5 20. Qxe5+ Qe7 21. Qf5
Qe6 22. Qf3 Kf8 23. Bh3 Qe7 24. Bf5 Re8 25. h6 Nh7 26. Rhg1 Bc8 27. Bxc8 Rxc8
28. Qg4 Qe6 29. Qg7+ Ke7 30. Nd5+ Kd7 31. Ref1 Rcf8 32. Nf6+ Nxf6 33. Rxf6 Qxa2
34. Qg4+ Ke7 35. Qg5 Rhg8 36. Rg6+ f6 37. Rg7+ Ke8 38. Qg6+ Kd8 39. Rd1+ Kc8
40. Rxg8 Qxg8 41. Qf5+ Kb8 42. Rd7 Qg1+ 43. Kd2 Qh2+ 44. Kc3 Qxh6 45. Qd5 Qe3+
46. Kb4 1/2-1/2

[Event "Ì13Ï"]
[Site "Loo"]
[Date "2017.04.24"]
[Round "5.52"]
[White "Äåìåõèí, Ìàêñèì."]
[Black "Òóêàåâ, Òèìóð."]
[Result "1-0"]
[WhiteElo "1442"]
[BlackElo "1300"]
[PlyCount "93"]
[EventDate "2017.04.20"]

1. d4 Nf6 2. c4 e6 3. Nc3 Bb4 4. e3 b6 5. Bd3 Bb7 6. Nf3 O-O 7. a3 Bxc3+ 8.
bxc3 d6 9. O-O Re8 10. Qe2 Nbd7 11. e4 e5 12. Nd2 a5 13. a4 Qe7 14. f3 h6 15.
Re1 Nf8 16. Qf2 Ng6 17. Nb3 Nh5 18. g3 Nf6 19. Be3 Nd7 20. Nd2 Bc8 21. Rab1 Ba6
22. Kh1 Kh8 23. Rg1 Nf6 24. Bc2 Nd7 25. Qg2 Bc8 26. f4 Nf6 27. h3 Nh7 28. f5
Ngf8 29. Nf3 Nd7 30. g4 Bb7 31. d5 f6 32. h4 Rg8 33. g5 Ba6 34. Bb3 Nc5 35. g6
Nf8 36. Qg4 Nxb3 37. Rxb3 Bxc4 38. Rb2 Rb8 39. Qh5 Ra8 40. Bxh6 gxh6 41. Qxh6+
Nh7 42. gxh7 Qxh7 43. Qxf6+ Rg7 44. Rbg2 Rag8 45. Rg6 Be2 46. Nd2 Bd3 47. Rh6
1-0

[Event "Ì13Ï"]
[Site "Loo"]
[Date "2017.04.24"]
[Round "5.55"]
[White "Æèðÿêîâ, Ñòàíèñëàâ."]
[Black "Ñàíêóëîâ, Èëüÿ."]
[Result "1/2-1/2"]
[WhiteElo "1639"]
[BlackElo "1225"]
[PlyCount "82"]
[EventDate "2017.04.20"]

1. d4 d5 2. c4 e6 3. Nf3 Nf6 4. Nc3 b6 5. Bg5 Be7 6. e3 O-O 7. cxd5 Nxd5 8.
Bxe7 Qxe7 9. Bd3 Nc6 10. Nxd5 exd5 11. Nd2 Nxd4 12. Qh5 f5 13. O-O Nc6 14. a3
Qf7 15. Qd1 a5 16. Nf3 Qf6 17. Qc2 Ne5 18. Nxe5 Qxe5 19. Rac1 c5 20. Qd2 Ba6
21. Bxa6 Rxa6 22. Rfd1 Rd8 23. Rc4 Ra7 24. Rf4 g6 25. Qc2 Re7 26. Qb3 Re6 27.
h3 Kf8 28. g4 Red6 29. gxf5 gxf5 30. Qc2 Rf6 31. Rh4 h6 32. Rf4 d4 33. Qd3 Re8
34. Re1 Rb8 35. Kf1 Re8 36. Re2 Ree6 37. h4 Rd6 38. Qb3 Qd5 39. Qxd5 Rxd5 40.
Rd2 Rfd6 41. Ke2 d3+ 1/2-1/2

[Event "Ì13Ï"]
[Site "Loo"]
[Date "2017.04.24"]
[Round "5.56"]
[White "Àâäóøèí, Íèêèòà."]
[Black "Çóðàáÿí, Âàãå."]
[Result "0-1"]
[WhiteElo "1262"]
[BlackElo "1591"]
[PlyCount "68"]
[EventDate "2017.04.20"]

1. d4 Nf6 2. e3 e6 3. Bd3 c5 4. c3 d5 5. f4 Nc6 6. Nf3 Bd6 7. O-O O-O 8. Ne5 a6
9. Nd2 Qc7 10. b3 b5 11. Ndf3 Ne4 12. Qc2 Bb7 13. Bd2 Rac8 14. c4 bxc4 15. bxc4
Nxd2 16. Bxh7+ Kh8 17. Nxd2 g6 18. Bxg6 Bxe5 19. fxe5 fxg6 20. Nf3 cxd4 21.
exd4 dxc4 22. Qxg6 Qg7 23. Qxe6 Ne7 24. Rab1 Bd5 25. Qh3+ Kg8 26. Rb6 Nf5 27.
Qh5 Rc6 28. Rxc6 Bxc6 29. g3 Nxg3 30. hxg3 Qxg3+ 31. Kh1 Bxf3+ 32. Rxf3 Qxf3+
33. Qxf3 Rxf3 34. Kg2 Rd3 0-1

[Event "Ì13Ï"]
[Site "Loo"]
[Date "2017.04.24"]
[Round "5.57"]
[White "Ðîäèí, Àëåêñàíäð."]
[Black "Ðîãèíñêèé, Ðîäèîí."]
[Result "1-0"]
[WhiteElo "1207"]
[BlackElo "1485"]
[PlyCount "55"]
[EventDate "2017.04.20"]

1. e4 e6 2. Nf3 d5 3. e5 Bd7 4. Be2 c5 5. b4 b6 6. O-O cxb4 7. d4 Nc6 8. a3 Nh6
9. axb4 Bxb4 10. c3 Be7 11. Bxh6 gxh6 12. Qd2 Bg5 13. Nxg5 Qxg5 14. f4 Qg6 15.
Rf3 Qg7 16. Na3 Nb8 17. Bb5 f6 18. f5 fxe5 19. fxe6 Bxb5 20. Rf7 Qg6 21. Nxb5
Kd8 22. Rd7+ Nxd7 23. exd7 Kxd7 24. dxe5 Qc6 25. e6+ Ke7 26. Qf4 Rac8 27. Rxa7+
Ke8 28. Qf7+ 1-0

[Event "Ì13Ï"]
[Site "Loo"]
[Date "2017.04.24"]
[Round "5.58"]
[White "Ïëîòíèêîâ, Äàíèèë."]
[Black "Õîëîïîâ, Ðîìàí."]
[Result "1-0"]
[WhiteElo "1472"]
[BlackElo "1199"]
[PlyCount "89"]
[EventDate "2017.04.20"]

1. d4 Nf6 2. Nf3 e6 3. c4 b6 4. e3 Bd6 5. Bd3 Bb7 6. O-O Na6 7. a3 c5 8. Nc3
O-O 9. dxc5 Nxc5 10. Bxh7+ Nxh7 11. Qxd6 Bxf3 12. gxf3 Ng5 13. Qg3 Qf6 14. f4
Nce4 15. Nxe4 Nxe4 16. Qf3 Qf5 17. Qe2 g6 18. f3 Nc5 19. e4 Qf6 20. Qe3 Qe7 21.
b4 Nb7 22. Bb2 f6 23. Kh1 Kg7 24. Qg1 Rh8 25. f5 Rh6 26. Bc1 g5 27. f4 exf5 28.
fxg5 Qxe4+ 29. Qg2 Qxg2+ 30. Kxg2 fxg5 31. Rxf5 Nd6 32. Rxg5+ Rg6 33. c5 Rxg5+
34. Bxg5 bxc5 35. bxc5 Ne4 36. Be3 Rc8 37. Rc1 Rc6 38. Rd1 Rc7 39. Kf3 Nc3 40.
Bd4+ Kf7 41. Bxc3 Rxc5 42. Bb4 Rc7 43. h4 Ke8 44. h5 Rc6 45. Rd6 {
äàëåå çàïèñü íåðàçáîð~~èâà} 1-0

[Event "Ì13Ï"]
[Site "Loo"]
[Date "2017.04.24"]
[Round "5.60"]
[White "Åâñòàôüåâ, Ãåîðãèé."]
[Black "Âàðçèåâ, Êîíñòàíòèí."]
[Result "1-0"]
[WhiteElo "1427"]
[BlackElo "1175"]
[PlyCount "61"]
[EventDate "2017.04.20"]

1. e4 e6 2. d4 d5 3. Nc3 Nf6 4. Bg5 Be7 5. e5 Nfd7 6. Bxe7 Qxe7 7. f4 a6 8. Nf3
O-O 9. Be2 c5 10. O-O Nc6 11. Kh1 cxd4 12. Nxd4 f6 13. f5 Nxd4 14. exf6 Nxf6
15. Qxd4 exf5 16. Bf3 Qd6 17. Nxd5 Nxd5 18. Bxd5+ Kh8 19. Rae1 Rd8 20. Kg1 Bd7
21. c4 Bc6 22. Rxf5 Qb4 23. Re4 Bxd5 24. Rxd5 Rf8 25. a3 Qb3 26. Re7 Rg8 27.
Rdd7 Qc2 28. Rxg7 Qc1+ 29. Kf2 Qc2+ 30. Kg3 Qb3+ 31. Kh4 1-0

[Event "Ì13Ï"]
[Site "Loo"]
[Date "2017.04.24"]
[Round "5.67"]
[White "Ãîðáóíîâ, Âëàäèñëàâ."]
[Black "Íàëüãèåâ, Ðóñëàí."]
[Result "1-0"]
[WhiteElo "1282"]
[BlackElo "1243"]
[PlyCount "87"]
[EventDate "2017.04.20"]

1. e4 e6 2. d4 d5 3. e5 c5 4. c3 Nc6 5. Nf3 Qb6 6. Bd3 Bd7 7. O-O cxd4 8. cxd4
Nxd4 9. Nxd4 Qxd4 10. Nc3 Qxe5 11. Re1 Qc7 12. Nxd5 Qc6 13. Bb5 Qc8 14. Bxd7+
Qxd7 15. Bf4 Bd6 16. Bxd6 Qxd6 17. Rc1 Rd8 18. Qa4+ Qd7 19. Nc7+ Kf8 20. Qxa7
Ne7 21. Qc5 Qc6 22. Qa5 Qd6 23. h3 Nc6 24. Qb6 Rc8 25. Red1 Qxc7 26. Qxc7 Rxc7
27. Rxc6 Rxc6 28. Rd8+ Ke7 29. Rxh8 Rc2 30. Rxh7 Rxb2 31. Rxg7 Rxa2 32. h4 b5
33. h5 b4 34. h6 b3 35. h7 b2 36. h8=Q b1=Q+ 37. Kh2 Qb2 38. Qh4+ Qf6 39. Qb4+
Ke8 40. Rg8+ Kd7 41. Qb5+ Kd6 42. Qd3+ Ke5 43. Qc3+ Kf5 44. g4+ 1-0

[Event "Ì13Â"]
[Site "Loo"]
[Date "2017.04.24"]
[Round "5.1"]
[White "Ìàêîâååâ, Èëüÿ."]
[Black "Öâåòêîâ, Àíäðåé."]
[Result "0-1"]
[WhiteElo "2246"]
[BlackElo "2066"]
[PlyCount "98"]
[EventDate "2017.04.20"]

1. e4 c5 2. Nf3 d6 3. d4 cxd4 4. Nxd4 Nf6 5. Nc3 a6 6. Be3 e5 7. Nb3 Be6 8. f3
h5 9. Qd2 Be7 10. O-O-O Nbd7 11. Kb1 Qc7 12. Nd5 Nxd5 13. exd5 Bf5 14. Bd3 Bxd3
15. Qxd3 Rc8 16. c3 Qc4 17. Qd2 O-O 18. h4 Bd8 19. Qc2 Nf6 20. Nd2 Qb5 21. a4
Qa5 22. Ne4 Nxd5 23. Bc1 Be7 24. g4 hxg4 25. Ng5 Nf6 26. fxg4 Rc4 27. Rhf1 Rxa4
28. Qb3 Ra1+ 29. Kc2 Qa4 30. Qxa4 Rxa4 31. b4 a5 32. Kb3 b5 33. Ba3 d5 34. Rfe1
e4 35. Rd4 Bd6 36. Ra1 axb4 37. Bb2 Rfa8 38. Rad1 bxc3 39. Bxc3 Ra3+ 40. Kb2
Be5 41. Nh3 Rxc3 42. Kxc3 Ra3+ 43. Kc2 Bxd4 44. Rxd4 Rxh3 45. g5 Ng4 46. Rb4
Rxh4 47. Rxb5 d4 48. g6 fxg6 49. Rb8+ Kh7 0-1

[Event "Ì13Â"]
[Site "Loo"]
[Date "2017.04.24"]
[Round "5.2"]
[White "Ñòóêàí, Ìàðòèí."]
[Black "Ïîíîìàðåâ, Ãðèãîðèé."]
[Result "1/2-1/2"]
[WhiteElo "1971"]
[BlackElo "2088"]
[PlyCount "156"]
[EventDate "2017.04.20"]

1. d4 Nf6 2. c4 c6 3. Nc3 d5 4. cxd5 cxd5 5. Nf3 Nc6 6. g3 g6 7. Bg2 Bg7 8. O-O
O-O 9. Ne5 e6 10. Nxc6 bxc6 11. Qa4 Bd7 12. Qc2 Ne8 13. Rd1 Nd6 14. e4 dxe4 15.
Nxe4 Nf5 16. Qc4 Ne7 17. Bg5 h6 18. Bxe7 Qxe7 19. Nc5 Rad8 20. Rac1 Be8 21. b4
Rd6 22. Nb3 Qd8 23. Qc5 e5 24. d5 cxd5 25. Bxd5 Kh8 26. Na5 Rd7 27. Bb3 e4 28.
Rxd7 Qxd7 29. Nc6 Qxc6 30. Qxc6 Bxc6 31. Rxc6 Be5 32. Ra6 Bd4 33. Rd6 Bb6 34.
Rd7 f5 35. Re7 Rd8 36. Re6 Rd2 37. Rxg6 Bxf2+ 38. Kf1 Be3 39. Rf6 Rf2+ 40. Ke1
Rxh2 41. Rxf5 Bd2+ 42. Kf1 e3 43. Bc4 Bxb4 44. Be2 Rh1+ 45. Kg2 Ra1 46. Kf3 Bd2
47. Rf6 Rxa2 48. Rxh6+ Kg7 49. Ra6 Rxa6 50. Bxa6 Kf6 51. g4 Ke5 52. Bc8 Kf6 53.
Ba6 Kg5 54. Bc8 a5 55. Bd7 Kf6 56. Ke2 Ke7 57. Ba4 Kd6 58. g5 Ke5 59. g6 Kf6
60. Bc2 Bc1 61. Kf3 Kg7 62. Ke2 Bd2 63. Kf1 Bc3 64. Ke2 Bd4 65. Kf3 Kf8 66. Bd1
Ke7 67. Bb3 Kf6 68. Bc2 Bb6 69. Ke2 Ba7 70. Kf3 Bd4 71. Ke2 Kg7 72. Kf3 Kh6 73.
Ke2 Kg5 74. g7 Bxg7 75. Kxe3 Bf8 76. Ba4 Bc5+ 77. Kd3 Kf6 78. Kc4 Bd6 1/2-1/2

[Event "Ì13Â"]
[Site "Loo"]
[Date "2017.04.24"]
[Round "5.3"]
[White "Æóêîâ, Ìàêñèì."]
[Black "Åðàñòîâ, Ñåìåí."]
[Result "1/2-1/2"]
[WhiteElo "1850"]
[BlackElo "1838"]
[PlyCount "82"]
[EventDate "2017.04.20"]

1. f4 d5 2. b3 Nf6 3. Bb2 g6 4. Nf3 Bg7 5. e3 O-O 6. Be2 c5 7. O-O b6 8. Ne5
Bb7 9. d3 Nbd7 10. Nd2 Nxe5 11. fxe5 Nd7 12. d4 f6 13. exf6 exf6 14. c4 f5 15.
cxd5 Bxd5 16. Bc4 Bxc4 17. Nxc4 Qe7 18. a4 Rad8 19. Qf3 Nf6 20. dxc5 bxc5 21.
Bxf6 Bxf6 22. Rad1 Qe6 23. Rxd8 Rxd8 24. Rd1 Rd7 25. h3 h5 26. Rxd7 Qxd7 27. g4
hxg4 28. hxg4 Kg7 29. gxf5 gxf5 30. Qg3+ Kf7 31. Qd6 Qxd6 32. Nxd6+ Ke6 33. Nc4
Bd8 34. Kf2 Bc7 35. Ke2 Kd5 36. Kd3 Bd8 37. Na3 a6 38. Nc4 Bc7 39. Nd2 Bd8 40.
Nc4 Bc7 41. Nd2 Bd8 1/2-1/2

[Event "Ì13Â"]
[Site "Loo"]
[Date "2017.04.24"]
[Round "5.4"]
[White "Êàòàåâ, Àëåêñàíäð."]
[Black "Ìèøóðèñ, Ìàòâåé."]
[Result "0-1"]
[WhiteElo "1995"]
[BlackElo "1810"]
[PlyCount "74"]
[EventDate "2017.04.20"]

1. d4 d6 2. Nf3 Nd7 3. Bg5 Ngf6 4. c4 e5 5. Nc3 Be7 6. e3 O-O 7. Be2 c6 8. Qc2
h6 9. Bh4 Re8 10. Rd1 Qc7 11. O-O a6 12. a4 a5 13. h3 b6 14. Bg3 Ba6 15. Nh4
Bf8 16. e4 Rad8 17. Nf5 g6 18. Ne3 Bg7 19. dxe5 dxe5 20. f4 exf4 21. Bxf4 Qa7
22. Kh1 Nc5 23. e5 Rxd1 24. Bxd1 Nfd7 25. Ng4 Bxc4 26. Be2 Bxe2 27. Nxe2 h5 28.
Nh6+ Bxh6 29. Bxh6 Nxe5 30. Nf4 Qe7 31. Qc3 Kh7 32. Qe3 Ned7 33. Qc1 Ne4 34.
Rf3 g5 35. Nxh5 Kxh6 36. Ng3 Nxg3+ 37. Rxg3 Qe1+ 0-1

[Event "Ì13Â"]
[Site "Loo"]
[Date "2017.04.24"]
[Round "5.5"]
[White "Áîáûëåâ, Íèêèòà."]
[Black "Ïóòðåíêî, Êèðèëë."]
[Result "1-0"]
[WhiteElo "1640"]
[BlackElo "1872"]
[PlyCount "119"]
[EventDate "2017.04.20"]

1. g4 g6 2. Bg2 Bg7 3. d4 c5 4. c3 Qc7 5. dxc5 Qxc5 6. Nf3 h6 7. h3 Nf6 8. Bf4
Nc6 9. Nbd2 e5 10. Bg3 O-O 11. O-O Re8 12. e3 d5 13. Rc1 Qb6 14. Qb3 Qxb3 15.
Nxb3 Ne4 16. Bh2 Be6 17. Nbd2 Rad8 18. Rfd1 f5 19. gxf5 gxf5 20. b3 Nc5 21. Bf1
a6 22. b4 Ne4 23. b5 axb5 24. Bxb5 Nxd2 25. Rxd2 e4 26. Nd4 Nxd4 27. cxd4 Bd7
28. Bxd7 Rxd7 29. Rb2 Bf8 30. Rcb1 Ree7 31. Bf4 Kh7 32. Rb6 Rf7 33. Kh2 Bg7 34.
a4 Rf6 35. Rxb7 Rd8 36. Be5 Rg6 37. Rxg7+ Rxg7 38. Bxg7 Kxg7 39. Rb7+ Kg6 40.
a5 Kg5 41. Rb5 f4 42. a6 fxe3 43. fxe3 Kh4 44. a7 Ra8 45. Ra5 h5 46. Kg2 Rg8+
47. Kh2 Ra8 48. Ra6 Kg5 49. Kg3 h4+ 50. Kf2 Kh5 51. Ke2 Kg5 52. Kd2 Kh5 53. Kc3
Kg5 54. Kb4 Kf5 55. Kc5 Rc8+ 56. Kb6 Ra8 57. Kb7 Rh8 58. a8=Q Rh7+ 59. Kc6 Rh6+
60. Kc5 1-0

[Event "Ì13Â"]
[Site "Loo"]
[Date "2017.04.24"]
[Round "5.6"]
[White "×óãóíîâ, Âàäèì."]
[Black "Õàðèòîíîâ, Åãîð."]
[Result "1/2-1/2"]
[WhiteElo "1816"]
[BlackElo "1850"]
[PlyCount "95"]
[EventDate "2017.04.20"]

1. e4 c5 2. d4 cxd4 3. c3 Nf6 4. e5 Nd5 5. Qxd4 e6 6. Nf3 Nc6 7. Qe4 d6 8. c4
Nb6 9. Be3 d5 10. cxd5 Nxd5 11. Nd4 Nxe3 12. fxe3 Qa5+ 13. Nc3 Qxe5 14. Qxe5
Nxe5 15. Ndb5 Kd8 16. O-O-O+ Bd7 17. Be2 a6 18. Nd4 Bb4 19. Ne4 Rc8+ 20. Kb1
Ke7 21. Rhf1 Rhd8 22. Nf3 Nxf3 23. Bxf3 Bc6 24. Ng5 Rxd1+ 25. Rxd1 Bxf3 26.
gxf3 h6 27. Ne4 Rd8 28. Rxd8 Kxd8 29. Kc2 Ke7 30. Kd3 f5 31. Ng3 Bd6 32. Nf1 g5
33. h3 h5 34. e4 Kf6 35. Ne3 b5 36. b3 Ke5 37. exf5 exf5 38. Ng2 Bc5 39. Kc3 g4
40. hxg4 hxg4 41. fxg4 f4 42. Ne1 Ke4 43. g5 f3 44. Nxf3 Kxf3 45. g6 Ke4 46. a4
a5 47. axb5 Kd5 48. b4 1/2-1/2

[Event "Ì13Â"]
[Site "Loo"]
[Date "2017.04.24"]
[Round "5.7"]
[White "Ãðà÷åâ, Àëåêñåé."]
[Black "Êóçüìèí, Ðîìàí."]
[Result "1-0"]
[WhiteElo "2147"]
[BlackElo "1806"]
[PlyCount "173"]
[EventDate "2017.04.20"]

1. e4 c5 2. Nf3 Nc6 3. d4 cxd4 4. Nxd4 Qb6 5. Nb3 Nf6 6. Nc3 e6 7. Be3 Qc7 8.
Bd3 Ne5 9. h3 a6 10. a4 Nc4 11. Bxc4 Qxc4 12. Nd2 Qc7 13. O-O Bb4 14. a5 Bxc3
15. bxc3 d5 16. c4 dxe4 17. Bb6 Qe7 18. Nb3 Nd7 19. Bc7 Qg5 20. Bd6 f5 21. f3
Nf6 22. f4 Qg6 23. Nc5 Nd7 24. Qd2 Kf7 25. Ra3 Qf6 26. Rg3 Rg8 27. Na4 g6 28.
Ba3 Rd8 29. Bb2 Qe7 30. Qc3 Nf6 31. Nb6 Rb8 32. Qe5 Bd7 33. Ba3 Qe8 34. Bd6
Rbc8 35. Nxc8 Rxc8 36. c5 Bc6 37. c4 Qd8 38. Qc3 Nh5 39. Re3 Qh4 40. Qe1 Qd8
41. Rb3 Nf6 42. Rb1 Ne8 43. Be5 Qe7 44. Qe3 Nf6 45. Rfd1 Ba4 46. Rd2 Bc6 47.
Bd6 Qe8 48. Rdb2 Qd7 49. Qf2 Ne8 50. Be5 Qe7 51. Rd2 Ba4 52. Rb4 Bc6 53. Bb2
Rd8 54. Bc3 Rd7 55. Qe3 Rd8 56. Rb1 Rxd2 57. Bxd2 Qd8 58. Bc3 Qd3 59. Qxd3 exd3
60. g3 Be4 61. Rb2 Ke7 62. Kf2 Nf6 63. Bxf6+ Kxf6 64. Ke3 g5 65. Rb6 h5 66.
fxg5+ Kxg5 67. Rxe6 Bg2 68. h4+ Kg4 69. Rg6+ Kh3 70. Kxd3 Be4+ 71. Ke3 Bc2 72.
Kf4 Bd1 73. Rg7 Bb3 74. Rxb7 Bxc4 75. c6 Bd5 76. Rb6 Be6 77. Rxa6 Bc8 78. Ra8
Be6 79. c7 Bd5 80. Ra6 Bb7 81. Rb6 Bc8 82. a6 Bd7 83. a7 Ba4 84. a8=Q Kh2 85.
Rb2+ Bc2 86. Rxc2+ Kh3 87. Qh1# 1-0

[Event "Ì13Â"]
[Site "Loo"]
[Date "2017.04.24"]
[Round "5.8"]
[White "Òðîôèìîâ, Ïàâåë."]
[Black "Òàðàñîâ, Äàíèëà."]
[Result "1/2-1/2"]
[WhiteElo "1933"]
[BlackElo "1768"]
[PlyCount "86"]
[EventDate "2017.04.20"]

1. d4 d5 2. Bf4 c5 3. Nc3 Nf6 4. e3 e6 5. Nb5 Na6 6. Nf3 Bd7 7. dxc5 Bxc5 8.
Nd6+ Bxd6 9. Bxd6 Qb6 10. Ba3 Ne4 11. Be2 Qa5+ 12. c3 f6 13. Rc1 b5 14. O-O Kf7
15. Nd2 Nxd2 16. Qxd2 Rhd8 17. Rfd1 Rac8 18. Qd4 Qc7 19. Bh5+ g6 20. Bf3 Bc6
21. Qh4 Kg7 22. h3 Nb8 23. e4 dxe4 24. Bxe4 Rxd1+ 25. Rxd1 Rd8 26. Re1 Bxe4 27.
Qxe4 e5 28. Qe3 Nd7 29. Qd3 Nc5 30. Qxb5 Nd3 31. Rd1 e4 32. Qa4 f5 33. c4 Qb6
34. c5 Nxc5 35. Bxc5 Rxd1+ 36. Qxd1 Qxc5 37. Qd7+ Kh6 38. Qd2+ Kg7 39. a3 Kf7
40. b4 Qb5 41. Qd4 a6 42. Qh8 h5 43. Qd8 Qc6 1/2-1/2

[Event "Ì13Â"]
[Site "Loo"]
[Date "2017.04.24"]
[Round "5.9"]
[White "Êóëèê, Àðòóð."]
[Black "Ãðåõîâ, Ëóêà."]
[Result "1-0"]
[WhiteElo "1918"]
[BlackElo "1756"]
[PlyCount "85"]
[EventDate "2017.04.20"]

1. d4 d5 2. Nf3 Nf6 3. c4 c6 4. g3 Bf5 5. Nc3 e6 6. Nh4 Be4 7. f3 Bg6 8. Nxg6
hxg6 9. Bg2 Bd6 10. O-O Nh5 11. Qd3 Bxg3 12. hxg3 Nxg3 13. Rd1 Qh4 14. f4 Qh2+
15. Kf2 Nh5 16. Rh1 Nxf4 17. Rxh2 Nxd3+ 18. Kg3 Rxh2 19. Kxh2 Nxc1 20. Rxc1 Nd7
21. cxd5 exd5 22. e4 dxe4 23. Nxe4 Rb8 24. b4 a6 25. Re1 Kf8 26. Nd6 Nf6 27. a4
Rd8 28. Nxb7 Rxd4 29. Rb1 Rh4+ 30. Kg3 Rg4+ 31. Kf2 Rc4 32. Na5 Rc2+ 33. Kg1 c5
34. b5 axb5 35. axb5 Nd7 36. b6 Ra2 37. b7 Nb8 38. Nc6 Rxg2+ 39. Kxg2 Nxc6 40.
Rc1 Nb8 41. Rxc5 Ke7 42. Rc8 Nd7 43. Rc7 1-0

[Event "Ì13Â"]
[Site "Loo"]
[Date "2017.04.24"]
[Round "5.10"]
[White "Ãðåáíåâ, Àëåêñåé."]
[Black "Ìåðö, Äìèòðèé."]
[Result "0-1"]
[WhiteElo "1874"]
[BlackElo "1744"]
[PlyCount "66"]
[EventDate "2017.04.20"]

1. e4 c5 2. Nf3 e6 3. d4 cxd4 4. Nxd4 a6 5. c4 Nf6 6. Nc3 Qc7 7. a3 b6 8. Be3
Bb7 9. f3 Be7 10. Be2 d6 11. O-O O-O 12. Rc1 Nbd7 13. b4 Rac8 14. Qb3 Qb8 15.
Rfd1 Rfe8 16. Bf2 Bd8 17. Nc2 Bc7 18. Ne3 d5 19. cxd5 Bxh2+ 20. Kh1 exd5 21.
Nexd5 Qe5 22. Nxf6+ Nxf6 23. g4 Bf4 24. Bd4 Qg5 25. Rc2 h5 26. Bc4 Re7 27. Bxf6
Qxf6 28. gxh5 Re5 29. Nd5 Qh4+ 30. Kg1 Rg5+ 31. Kf1 Qh1+ 32. Ke2 Qg2+ 33. Kd3
Qxf3+ 0-1

[Event "Ì13Â"]
[Site "Loo"]
[Date "2017.04.24"]
[Round "5.11"]
[White "Êèðèëëîâ, Äìèòðèé."]
[Black "Áàëàøîâ, Àðñåíèé."]
[Result "1-0"]
[WhiteElo "2099"]
[BlackElo "1769"]
[PlyCount "107"]
[EventDate "2017.04.20"]

1. e4 c5 2. Nf3 Nc6 3. d4 cxd4 4. Nxd4 g6 5. c4 Bg7 6. Be3 d6 7. Be2 Nf6 8. Nc3
O-O 9. O-O Bd7 10. Qd2 Nxd4 11. Bxd4 Bc6 12. Bd3 Nd7 13. Bxg7 Kxg7 14. Rae1 a5
15. Re3 Ne5 16. Rh3 h5 17. Be2 Rh8 18. f4 Qb6+ 19. Kh1 Ng4 20. Bxg4 hxg4 21.
Rxh8 Rxh8 22. Nd5 Bxd5 23. exd5 f6 24. Qe2 Qc7 25. g3 Re8 26. f5 g5 27. Qxg4 b5
28. Rc1 bxc4 29. Qxc4 Qxc4 30. Rxc4 Rb8 31. Rc2 Rb5 32. Rd2 g4 33. Kg2 Kh6 34.
Kf2 Kg5 35. Ke3 Kxf5 36. Kd4 Rb4+ 37. Kc3 Ke5 38. a3 Rb5 39. b4 axb4+ 40. axb4
f5 41. Kc4 Rb8 42. Re2+ Kf6 43. b5 Kf7 44. Kb4 Ke8 45. Ka5 Kd7 46. b6 Ra8+ 47.
Kb5 Ra1 48. Rc2 Rb1+ 49. Ka6 Ra1+ 50. Kb7 Rh1 51. Ra2 Rd1 52. Ka6 Rxd5 53. b7
Kc7 54. Rc2+ 1-0

[Event "Ì13Â"]
[Site "Loo"]
[Date "2017.04.24"]
[Round "5.12"]
[White "Ïîçíÿê, Íàçàð."]
[Black "Êîë÷èí, Ìàêñèì."]
[Result "1-0"]
[WhiteElo "2069"]
[BlackElo "1713"]
[PlyCount "81"]
[EventDate "2017.04.20"]

1. d4 Nf6 2. c4 e6 3. g3 c5 4. Nf3 b6 5. Bg2 Bb7 6. O-O Be7 7. Nc3 O-O 8. d5 d6
9. e4 e5 10. Ne1 Nbd7 11. Nd3 a6 12. a4 Ne8 13. Bh3 Bf6 14. Bd2 Nc7 15. b3 Qe7
16. Qe2 Rfb8 17. Rae1 Bc8 18. Kh1 b5 19. axb5 axb5 20. cxb5 Ra7 21. Nb2 Nxb5
22. Nxb5 Ba6 23. Nxa7 Bxe2 24. Rxe2 Rxb3 25. Ba5 Nb8 26. Nc8 Qf8 27. Nc4 Be7
28. Bc7 Na6 29. Nxe7+ Qxe7 30. Bxd6 Qf6 31. Ra2 h5 32. Rxa6 Qf3+ 33. Bg2 Qd3
34. Ra8+ Kh7 35. Nxe5 Qe2 36. Bxc5 f6 37. d6 Qb5 38. d7 Rb1 39. Rh8+ Kxh8 40.
d8=Q+ Kh7 41. Qd3 1-0

[Event "Ì13Â"]
[Site "Loo"]
[Date "2017.04.24"]
[Round "5.13"]
[White "Åôðåìîâ, Âëàäèñëàâ."]
[Black "Àòîâìÿí, Àðò¸ì."]
[Result "1/2-1/2"]
[WhiteElo "1879"]
[BlackElo "1638"]
[PlyCount "98"]
[EventDate "2017.04.20"]

1. c4 c6 2. e4 d5 3. exd5 cxd5 4. cxd5 Nf6 5. Qa4+ Nbd7 6. Nc3 g6 7. Nf3 Bg7 8.
Bc4 O-O 9. d3 a6 10. Qa3 Nb6 11. Qb3 Bg4 12. Be3 Nfd7 13. Nd2 h5 14. h3 Bf5 15.
O-O Qc7 16. Nce4 Rac8 17. Rac1 Nxc4 18. dxc4 e6 19. Ng3 Nc5 20. Bxc5 Qxc5 21.
Nxf5 gxf5 22. Qxb7 exd5 23. Qxd5 Qxd5 24. cxd5 Rcd8 25. Rc5 Bxb2 26. Nf3 Rfe8
27. Rc2 Bg7 28. Rd1 Rd6 29. Nh4 Re5 30. Rcd2 Bf6 31. f4 Re4 32. Nxf5 Rd7 33. g3
Kh7 34. Kg2 Kg6 35. Kf3 Ra4 36. Ne3 Ra3 37. d6 Bd8 38. Kf2 Bb6 39. Re2 Bc5 40.
Rdd2 Rc3 41. Rd5 Rxd6 42. Rxd6+ Bxd6 43. Kg2 h4 44. f5+ Kh5 45. g4+ Kg5 46. Kf3
Ra3 47. Ke4 Bc5 48. Kf3 Bxe3 49. Rxe3 Rxa2 1/2-1/2

[Event "Ì13Â"]
[Site "Loo"]
[Date "2017.04.24"]
[Round "5.14"]
[White "Ïîñòàíîãîâ, Äìèòðèé."]
[Black "Ìàõëèí, Ìèðîí."]
[Result "0-1"]
[WhiteElo "1801"]
[BlackElo "1832"]
[PlyCount "92"]
[EventDate "2017.04.20"]

1. e4 c5 2. c3 d6 3. d4 Nf6 4. Bd3 g6 5. Nf3 Bg7 6. O-O O-O 7. h3 Qc7 8. Be3 b6
9. Nbd2 Bb7 10. d5 Nbd7 11. c4 Rab8 12. Rb1 Bc8 13. a3 Ne8 14. Qc2 Ne5 15. Nxe5
Bxe5 16. f4 Bg7 17. b4 Bd7 18. bxc5 bxc5 19. Rxb8 Qxb8 20. Rb1 Qc8 21. Nf3 Qc7
22. Qb3 f5 23. Qb7 fxe4 24. Bxe4 Bc8 25. Qb8 Ba6 26. Qb3 Nf6 27. Bd3 Nh5 28.
Ng5 Bc8 29. Rf1 Ng3 30. Rf3 Nf5 31. Bxf5 Bxf5 32. g4 Rb8 33. Qa4 Rb1+ 34. Kh2
Bd7 35. Ne6 Qb7 36. Qa5 Bxe6 37. Qd8+ Bf8 38. f5 Qb2+ 39. Rf2 Qe5+ 40. Bf4 Qe1
41. Kg2 Qh1+ 42. Kg3 Rb3+ 43. Be3 Rxe3+ 44. Kf4 Qe4+ 45. Kg5 h6+ 46. Kh4 g5+
0-1

[Event "Ì13Â"]
[Site "Loo"]
[Date "2017.04.24"]
[Round "5.15"]
[White "Áàçûðöûðåíîâ, Êèðèëë."]
[Black "×óìàåâñêèé, Àðñåíèé."]
[Result "0-1"]
[WhiteElo "1831"]
[BlackElo "1595"]
[PlyCount "72"]
[EventDate "2017.04.20"]

1. e4 c5 2. Nf3 e6 3. d4 cxd4 4. Nxd4 a6 5. Bd3 Bc5 6. Be3 d6 7. Nd2 Nf6 8. O-O
Qc7 9. Qe2 O-O 10. Rae1 Nbd7 11. f4 b5 12. Kh1 Bb7 13. c3 Rac8 14. Bg1 b4 15.
c4 Bb6 16. e5 Ne8 17. N2f3 g6 18. h4 Ng7 19. g4 Qd8 20. Kh2 dxe5 21. fxe5 Nxe5
22. g5 Bxf3 23. Nxf3 Bxg1+ 24. Kxg1 Nxd3 25. Rd1 Qb6+ 26. Kh1 Nf4 27. Qe4 Ngh5
28. Kh2 Qc7 29. Ne5 f5 30. Qe3 Qc5 31. Rd4 Rcd8 32. Rfd1 Rd6 33. Qd2 Qxe5 34.
Rxd6 Nd5+ 35. Kg1 Qxd6 36. cxd5 Rd8 0-1

[Event "Ì13Â"]
[Site "Loo"]
[Date "2017.04.24"]
[Round "5.16"]
[White "Áåëîøàïêî, Ìàòâåé."]
[Black "Òðîôèìîâ, Èâàí."]
[Result "1-0"]
[WhiteElo "1750"]
[BlackElo "1826"]
[PlyCount "117"]
[EventDate "2017.04.20"]

1. e4 c5 2. Nc3 Nc6 3. Bb5 g6 4. Bxc6 bxc6 5. d3 Bg7 6. f4 Nh6 7. Nf3 d6 8. O-O
O-O 9. Qe1 f6 10. Qg3 f5 11. e5 Rb8 12. Re1 Qc7 13. b3 Nf7 14. h4 Nh6 15. Bb2
Ng4 16. Nd1 Ba6 17. Ng5 Bc8 18. h5 gxh5 19. Qh4 h6 20. Nf3 d5 21. Qxh5 e6 22.
c4 Bd7 23. Ne3 Nxe3 24. Rxe3 Be8 25. Qh4 Bf7 26. Qe1 Kh7 27. Ba3 d4 28. Re2 Qb6
29. Qh4 Qa5 30. Bb2 Kg8 31. g4 Bg6 32. g5 h5 33. Qe1 Qa6 34. Nh4 Kf7 35. Qc1
Rfd8 36. Ba3 Bf8 37. Rh2 Be7 38. Bb2 Qb6 39. Qc2 Rdc8 40. Qg2 Rh8 41. Nf3 Rbc8
42. Rh4 Rb8 43. Kf2 a5 44. Rah1 Rbg8 45. Nd2 a4 46. Qf3 axb3 47. axb3 Ke8 48.
Qd1 Kf7 49. R1h2 Qb7 50. Qh1 Ke8 51. R2h3 Kd7 52. Qd1 Rh7 53. Bc1 Rgh8 54. Nf1
Qc8 55. Ng3 Qe8 56. Bd2 Qf7 57. Qa1 Rc8 58. Qa7+ Rc7 59. Qb6 1-0

[Event "Ì13Â"]
[Site "Loo"]
[Date "2017.04.24"]
[Round "5.18"]
[White "Ìîðîçîâ, Ãåííàäèé."]
[Black "Ïøìàõîâ, Îñìàí."]
[Result "0-1"]
[WhiteElo "1738"]
[BlackElo "2121"]
[PlyCount "92"]
[EventDate "2017.04.20"]

1. d4 Nf6 2. c4 e6 3. Nc3 Bb4 4. e3 O-O 5. Nge2 d5 6. a3 Be7 7. Nf4 a6 8. cxd5
exd5 9. Bd3 Re8 10. Qc2 h6 11. O-O c6 12. b4 Bd6 13. Bd2 Nbd7 14. Rab1 Qc7 15.
h3 b5 16. Rfc1 Bxf4 17. exf4 Bb7 18. a4 Qd6 19. a5 Re7 20. Ne2 Ne4 21. Be3 f5
22. Rb3 Qf6 23. Bxe4 fxe4 24. Qd2 Nf8 25. Kf1 Ne6 26. Ke1 Nd8 27. Kd1 Nf7 28.
Kc2 Nd6 29. Kb1 Nc4 30. Qe1 Rd7 31. Qg1 c5 32. Qe1 cxb4 33. Qxb4 Rc8 34. Rcc3
Qd8 35. Ng3 Nxa5 36. Rxc8 Bxc8 37. Rc3 Nc4 38. f5 Rf7 39. Qc5 Bxf5 40. Ne2 Rc7
41. Qb4 Be6 42. Nf4 Bf7 43. g4 Qb8 44. Ne2 a5 45. Qb3 Ra7 46. Bf4 Qb6 0-1